Boletín de la Sociedad Dominicana de Geografía. (Registro nro. 36652)
[ vista simple ]
| 000 -CABECERA | |
|---|---|
| campo de control de longitud fija | 01189nas a2200265 a 4500 |
| 001 - NÚMERO DE CONTROL | |
| campo de control | 000037162 |
| 003 - IDENTIFICADOR DEL NÚMERO DE CONTROL | |
| campo de control | DO-SdBNP |
| 005 - FECHA Y HORA DE LA ÚLTIMA TRANSACCIÓN | |
| campo de control | 20240906093729.0 |
| 008 - DATOS DE LONGITUD FIJA--INFORMACIÓN GENERAL | |
| campo de control de longitud fija | 110322c19709999dr tr1pdd a0 z0spa d |
| 040 ## - FUENTE DE LA CATALOGACIÓN | |
| Centro catalogador/agencia de origen | DO-SdBNP |
| Lengua de catalogación | spa |
| Centro/agencia transcriptor | BNPHU |
| Normas de descripción | rda |
| 043 ## - CÓDIGO DE ÁREA GEOGRÁFICA | |
| Código de área geográfica | nwdr |
| 130 0# - ENTRADA PRINCIPAL--TÍTULO UNIFORME | |
| Título uniforme | Boletín de la Sociedad Dominicana de Geografía (República Dominicana) |
| 9 (RLIN) | 63568 |
| 222 #0 - TÍTULO CLAVE | |
| Título clave | Boletín de la Sociedad Dominicana de Geografía |
| Información calificativa | (Santo Domingo, República Dominicana) |
| 245 00 - MENCIÓN DE TÍTULO | |
| Título | Boletín de la Sociedad Dominicana de Geografía. |
| 260 ## - PUBLICACIÓN, DISTRIBUCIÓN, ETC. | |
| Lugar de publicación, distribución, etc. | Santo Domingo, República Dominicana : |
| Nombre del editor, distribuidor, etc. | Sociedad Dominicana de Geografía, |
| Fecha de publicación, distribución, etc. | 1970-. |
| 300 ## - DESCRIPCIÓN FÍSICA | |
| Extensión | v.- : |
| Otras características físicas | il. ; |
| Dimensiones | 23 cm. |
| 310 ## - PERIODICIDAD ACTUAL | |
| Periodicidad actual | Cuatrimestral |
| 362 1# - FECHAS DE PUBLICACIÓN Y/O DESIGNACIÓN SECUENCIAL | |
| Fecha de publicación y/o designación secuencial | Inicia con: Vol. 1 No. 1 (mayo-agosto 1970). |
| 500 ## - NOTA GENERAL | |
| Nota general | Descripción basada en: Vol. 1 No. 1 (mayo-agosto 1970). |
| 650 24 - PUNTO DE ACCESO ADICIONAL DE MATERIA--TÉRMINO DE MATERIA | |
| Término de materia o nombre geográfico como elemento de entrada | Geografia |
| Subdivisión geográfica | República Dominicana |
| Subdivisión general | Historia |
| Subdivisión de forma | PUBLICACIONES PERIÓDICAS |
| 9 (RLIN) | 63569 |
| 651 #4 - PUNTO DE ACCESO ADICIONAL DE MATERIA--NOMBRE GEOGRÁFICO | |
| Nombre geográfico | República Dominicana |
| Subdivisión general | Descripciones Y Viajes |
| Subdivisión de forma | PUBLICACIONES PERIÓDICAS |
| 9 (RLIN) | 63570 |
| 651 #4 - PUNTO DE ACCESO ADICIONAL DE MATERIA--NOMBRE GEOGRÁFICO | |
| Nombre geográfico | República Dominicana |
| Subdivisión general | Historia |
| Subdivisión de forma | PUBLICACIONES PERIÓDICAS |
| 9 (RLIN) | 53568 |
| 710 2# - PUNTO DE ACCESO ADICIONAL--NOMBRE DE ENTIDAD CORPORATIVA | |
| Nombre de entidad corporativa o nombre de jurisdicción como elemento de entrada | Sociedad Dominicana de Geografía (República Dominicana) |
| 9 (RLIN) | 63571 |
| 942 ## - ELEMENTOS DE PUNTO DE ACCESO ADICIONAL (KOHA) | |
| Fuente del sistema de clasificación o colocación | Dewey Decimal Classification |
| Tipo de ítem Koha | Publicación periódica |
No hay ítems disponibles.
